000 00251nam a2200097Ia 4500
082 _a641.555 BILL
245 0 _aGreat meals fast
100 _a BILLER, Hilary Cape Town, 2009
_970289
942 _cBK
008 210817s9999 xx 000 0 und d
999 _c383601
_d383599